000
002950000a22001450004500
005
20120302061501.0
942
_c
BOOK
100
_a
Bhatruhari
245
_a
Shrungaarshatak
260
_a
Pune:Varada Books,1998.
300
_a
54p.
040
_a
M.S
365
_b
20/-
650
_a
Sankirna
999
_c
354078
_d
354075